Estudio de riesgos laborales existentes en los laboratorios ambientales CIEMA PIENSA

Presenta un diagnóstico de las condiciones de trabajo así como generalidades del centro de investigación y estudio del medio ambiente, descripción del proceso de funcionamiento básico de los laboratorios ambientales CIEMA PIENSA, estructura organizativa, funciones de trabajo, puestos de trabajo...

Full description

Bibliographic Details
Main Authors: García Escoto, Graciela del Carmen, Kinsing Zamora, Esperanza Ana Eveling, Torrez Montalván, Jessica del Carmen
Other Authors: Tutor: Gutiérrez Martínez, Marbel Evaristo
Format: Tesis Section = Libro
Language:Undetermined
Spanish
Published: Managua UNI 2012
Subjects:
LEADER 01369nam a2200277Ia 4500
008 240830s9999 xx 000 0 und d
040 |a BIBLIOTECA-RUPAP Mon 658.38 G216 
041 |a spa 
082 |a Mon 658.38 G216 
100 1 |a García Escoto, Graciela del Carmen 
100 1 |b  Kinsing Zamora, Esperanza Ana Eveling 
100 1 |c  Torrez Montalván, Jessica del Carmen 
245 1 0 |a Estudio de riesgos laborales existentes en los laboratorios ambientales CIEMA PIENSA 
260 |a Managua  |b UNI  |c 2012 
300 |a 354 p. :il. 
500 |a Contiene: anexos e Incluye: CD. 
502 |a Tesis (Ingeniero Industrial)- UNI, 2012. 
520 3 |a Presenta un diagnóstico de las condiciones de trabajo así como generalidades del centro de investigación y estudio del medio ambiente, descripción del proceso de funcionamiento básico de los laboratorios ambientales CIEMA PIENSA, estructura organizativa, funciones de trabajo, puestos de trabajo, incluye seguridad estructural, equipos de protección personal, señalización de áreas de trabajo, prevención y protección contra incidentes. 
650 7 |a SEGURIDAD INDUSTRIAL 
650 7 |b RIESGOS LABORALES 
650 7 |c PREVENCION DE ACCIDENTES 
650 7 |d MEDIDAS DE SEGURIDAD 
700 1 |a Tutor:  |b Gutiérrez Martínez, Marbel Evaristo 
942 |c BK  |2 ddc 
991 |a TESIS 
999 |c 17108